[Event "51st Groningen Open A 2013"]
[Site "Groningen NED"]
[Date "2013.12.22"]
[Round "2.19"]
[White "Garcia Palermo, Carlos"]
[Black "Klapwijk, Bram"]
[Result "1/2-1/2"]
[WhiteTitle "GM"]
[WhiteElo "2450"]
[BlackElo "2039"]
[WhiteFideId "110124"]
[BlackFideId "1009133"]
[EventDate "2013.12.21"]

1. c4 Nf6 2. Nf3 e6 3. b3 b6 4. g3 Bb7 5. Bg2 Be7 6. O-O O-O 7. Bb2 c5 8. e3 d5
9. Qe2 Nc6 10. Nc3 Rc8 11. Rfd1 dxc4 12. bxc4 Rc7 13. Ne1 Na5 14. Bh3 Rd7 15. d3
Qa8 16. f4 Rfd8 17. g4 Ne8 18. g5 g6 19. Bg4 Bf8 20. h4 Re7 21. h5 Bg7 22. hxg6
hxg6 23. Bf3 Nd6 24. Kf2 Kf8 25. Rab1 Nc6 26. Ng2 Red7 27. Nd5 exd5 28. Bxg7+
Kxg7 29. cxd5 Nf5 30. dxc6 Bxc6 31. Qb2+ Kg8 32. Ne1 Re8 33. Bxc6 Qxc6 1/2-1/2

[Event "51st Groningen Open A 2013"]
[Site "Groningen NED"]
[Date "2013.12.22"]
[Round "2.20"]
[White "Den Hartog, Marijn"]
[Black "Lobzhanidze, Davit"]
[Result "0-1"]
[BlackTitle "IM"]
[WhiteElo "2025"]
[BlackElo "2445"]
[WhiteFideId "1046098"]
[BlackFideId "13600796"]
[EventDate "2013.12.21"]

1. e4 e5 2. Nf3 Nc6 3. Bb5 a6 4. Ba4 Nf6 5. O-O Be7 6. d3 b5 7. Bb3 d6 8. c3 O-O
9. Re1 Na5 10. Bc2 c5 11. Nbd2 Nc6 12. Nf1 Re8 13. h3 h6 14. a4 Be6 15. d4 cxd4
16. cxd4 exd4 17. Nxd4 Nxd4 18. Qxd4 Qc7 19. Bd3 d5 20. e5 Nd7 21. b4 f6 22. f4
fxe5 23. fxe5 a5 24. Bb1 Bxb4 25. Qd3 Nf8 26. Nd2 Bc3 27. Ra2 b4 28. Rc2 Re7 29.
Kh1 Rf7 30. Bb2 Bf5 31. Qxd5 Rd8 32. Qb3 Bxc2 33. Qxc2 Rxd2 34. e6 Rxc2 35.
exf7+ Qxf7 36. Bxc2 Bxe1 0-1

[Event "51st Groningen Open A 2013"]
[Site "Groningen NED"]
[Date "2013.12.22"]
[Round "2.21"]
[White "Kohlweyer, Bernd"]
[Black "Dijkhuis, Sven"]
[Result "1-0"]
[WhiteTitle "IM"]
[WhiteElo "2431"]
[BlackElo "1941"]
[WhiteFideId "4600622"]
[BlackFideId "1036556"]
[EventDate "2013.12.21"]

1. d4 Nf6 2. c4 c5 3. Nf3 cxd4 4. Nxd4 e5 5. Nb5 d5 6. cxd5 Bc5 7. N5c3 O-O 8.
h3 e4 9. g4 Qe7 10. Bg2 e3 11. Bxe3 Bxe3 12. fxe3 Qxe3 13. Qd3 Qc1+ 14. Kf2 Qxb2
15. Nd2 Qb6+ 16. e3 Na6 17. Rab1 Qd8 18. Rhd1 Nd7 19. Kg1 Ndc5 20. Qd4 f5 21.
gxf5 Bxf5 22. e4 Bg6 23. Rf1 Re8 24. Rbe1 Rc8 25. Rf3 Nb8 26. Ree3 b6 27. e5 Nc6
28. Qf4 Ne7 29. Qg4 b5 30. Nb3 Nxb3 31. axb3 a5 32. d6 Nf5 33. Rxf5 Bxf5 34.
Qxf5 Rf8 35. Qd3 1-0

[Event "51st Groningen Open A 2013"]
[Site "Groningen NED"]
[Date "2013.12.22"]
[Round "2.23"]
[White "Lee, Kai Jie Edward"]
[Black "Kovchan, Alexander"]
[Result "0-1"]
[BlackTitle "GM"]
[WhiteElo "2145"]
[BlackElo "2562"]
[WhiteFideId "5802920"]
[BlackFideId "14103052"]
[EventDate "2013.12.21"]

1. e4 c6 2. d4 d5 3. Nc3 dxe4 4. Nxe4 Bf5 5. Ng3 Bg6 6. h4 h6 7. Nf3 Nd7 8. h5
Bh7 9. Bd3 Bxd3 10. Qxd3 e6 11. Bd2 Ngf6 12. O-O-O Be7 13. Ne4 Nxe4 14. Qxe4 Nf6
15. Qe2 Qd5 16. c4 Qe4 17. Rde1 Qxe2 18. Rxe2 b5 19. b3 bxc4 20. bxc4 Rb8 21.
Bc3 O-O 22. Ne5 Rb6 23. Nd3 Rfb8 24. Kc2 Ra6 25. Ra1 Ra4 26. Ne5 Bd6 27. g4 Bxe5
28. dxe5 Nd7 29. Re4 Nc5 30. Rd4 Ra3 31. f4 Na4 32. Rd3 Nb6 33. Bb4 Ra4 34. Bd6
Rxc4+ 35. Rc3 Rxc3+ 36. Kxc3 Nd5+ 37. Kd4 Rb2 38. f5 Rd2+ 39. Kc5 Rc2+ 40. Kd4
Nb6 41. fxe6 fxe6 42. Ke4 Rc4+ 43. Kf3 Rc3+ 44. Kg2 Rc4 45. Kh3 Rc3+ 46. Kh2 c5
47. g5 Rc2+ 48. Kh3 hxg5 49. Rg1 c4 50. Rxg5 Kf7 51. Rg3 Rxa2 52. Rf3+ Kg8 53.
Kh4 Nd5 54. Rf8+ Kh7 55. Rf7 c3 56. h6 Kxh6 57. Bf8 Rg2 58. Rxa7 c2 59. Ra1 Kh7 0-1

[Event "51st Groningen Open A 2013"]
[Site "Groningen NED"]
[Date "2013.12.22"]
[Round "2.24"]
[White "Klein, David"]
[Black "Hulshof, Peter"]
[Result "1-0"]
[WhiteTitle "IM"]
[WhiteElo "2491"]
[BlackElo "2215"]
[WhiteFideId "1003623"]
[BlackFideId "1003291"]
[EventDate "2013.12.21"]

1. d4 g6 2. Nf3 Bg7 3. e4 d6 4. Be2 a6 5. O-O Nd7 6. Re1 e6 7. Bf1 Ne7 8. Nc3 h6
9. h3 O-O 10. Bf4 Kh7 11. e5 d5 12. Ne2 b6 13. Ng3 c5 14. c3 c4 15. Qc2 Kh8 16.
Qd2 Ng8 17. Be2 Qe7 18. Bd1 Bb7 19. Bc2 Rfb8 20. h4 Nf8 21. h5 g5 22. Be3 g4 23.
Nh2 Qh4 24. Bd1 f5 25. exf6 Nxf6 26. Bxh6 Bxh6 27. Qxh6+ N8h7 28. Qf4 Rg8 29.
Nf3 Qxg3 30. fxg3 gxf3 31. Bxf3 Raf8 32. Rxe6 Bc8 33. Re7 Ng5 34. Qe5 1-0

[Event "51st Groningen Open A 2013"]
[Site "Groningen NED"]
[Date "2013.12.22"]
[Round "2.25"]
[White "Von Meijenfeldt, Bart"]
[Black "Cernousek, Lukas"]
[Result "0-1"]
[BlackTitle "IM"]
[WhiteElo "2207"]
[BlackElo "2455"]
[WhiteFideId "1032259"]
[BlackFideId "311707"]
[EventDate "2013.12.21"]

1. e4 c5 2. Nc3 d6 3. f4 g6 4. Nf3 Bg7 5. Bb5+ Bd7 6. Bc4 Nc6 7. O-O Na5 8. Be2
Nf6 9. Qe1 O-O 10. f5 e6 11. d3 exf5 12. exf5 Bxf5 13. Bg5 h6 14. Qh4 hxg5 15.
Nxg5 Re8 16. g4 Be6 17. Bf3 Nc6 18. Bd5 Nxd5 19. Qh7+ Kf8 20. Nxf7 Bxf7 21.
Rxf7+ Kxf7 22. Nxd5 Ne7 23. Rf1+ Ke6 24. c4 Bd4+ 25. Kg2 Rf8 26. Re1+ Be5 27. b4
Rf7 28. Qh6 Nxd5 29. Qxg6+ Qf6 0-1

[Event "51st Groningen Open A 2013"]
[Site "Groningen NED"]
[Date "2013.12.22"]
[Round "2.26"]
[White "Bellia, Fabrizio"]
[Black "De Groot, Hendrik"]
[Result "0-1"]
[WhiteTitle "IM"]
[WhiteElo "2424"]
[BlackElo "2063"]
[WhiteFideId "800511"]
[BlackFideId "1037021"]
[EventDate "2013.12.21"]

1. d4 d6 2. e4 Nf6 3. Nc3 g6 4. Nf3 Bg7 5. Be2 O-O 6. O-O c6 7. h3 Nbd7 8. a4 e5
9. dxe5 dxe5 10. Bc4 Nh5 11. Qd6 Bf6 12. Bh6 Re8 13. Rfd1 Ng7 14. a5 Ne6 15.
Bxe6 Rxe6 16. Qb4 Be7 17. Qc4 g5 18. Bxg5 Bxg5 19. Rd3 Be7 20. Rad1 Qe8 21. Na4
b5 22. axb6 axb6 23. Qb3 b5 0-1

[Event "51st Groningen Open A 2013"]
[Site "Groningen NED"]
[Date "2013.12.22"]
[Round "2.27"]
[White "Berkovich, Mark A"]
[Black "Sparenberg, Erik"]
[Result "1/2-1/2"]
[WhiteTitle "IM"]
[WhiteElo "2366"]
[BlackElo "2112"]
[WhiteFideId "2801639"]
[BlackFideId "1013262"]
[EventDate "2013.12.21"]

1. c4 Nf6 2. Nc3 g6 3. e4 d6 4. d4 Bg7 5. f4 O-O 6. Nf3 c5 7. d5 e6 8. dxe6 Bxe6
9. Bd3 Nc6 10. f5 Bc8 11. O-O Re8 12. Bg5 h6 13. Bh4 g5 14. Bg3 Nh5 15. Bf2 Bxc3
16. bxc3 Nf6 17. Re1 Ng4 18. Bg3 Nge5 19. Nxe5 Nxe5 20. Qd2 Bd7 21. a4 Bc6 22.
h3 1/2-1/2

[Event "51st Groningen Open A 2013"]
[Site "Groningen NED"]
[Date "2013.12.22"]
[Round "2.28"]
[White "De Jong, Migchiel"]
[Black "Dirksen, Marieke"]
[Result "1-0"]
[WhiteTitle "IM"]
[WhiteElo "2347"]
[BlackElo "2012"]
[WhiteFideId "1002848"]
[BlackFideId "1032160"]
[EventDate "2013.12.21"]

1. e4 c5 2. Nf3 d6 3. d4 cxd4 4. Nxd4 Nf6 5. Nc3 a6 6. Bc4 e6 7. O-O Nc6 8. Bb3
Be7 9. f4 Qc7 10. Be3 h5 11. h3 h4 12. f5 Nxd4 13. Bxd4 Bd7 14. fxe6 fxe6 15.
Qd3 Qa5 16. Rae1 O-O-O 17. e5 Nd5 18. Bxd5 exd5 19. e6 Be8 20. Bxg7 Rh5 21. Bf6
Bxf6 22. Rxf6 Re5 23. Rxe5 dxe5 24. Qf5 e4 25. e7+ Rd7 26. Rf8 Qc5+ 27. Kh1 Qxe7
28. Nxd5 Qd8 29. Qe6 1-0

[Event "51st Groningen Open A 2013"]
[Site "Groningen NED"]
[Date "2013.12.22"]
[Round "2.29"]
[White "Afek, Yochanan"]
[Black "Veltman, Anne"]
[Result "1/2-1/2"]
[WhiteTitle "IM"]
[WhiteElo "2302"]
[BlackElo "2052"]
[WhiteFideId "2800462"]
[BlackFideId "1026917"]
[EventDate "2013.12.21"]

1. c4 e6 2. Nf3 c5 3. Nc3 f5 4. g3 Nf6 5. Bg2 Nc6 6. O-O Be7 7. d4 d6 8. dxc5
dxc5 9. Qxd8+ Bxd8 10. Bf4 a6 11. Rad1 Nh5 12. Bd6 Be7 13. Na4 Bxd6 14. Rxd6 Ke7
15. Rfd1 Nd4 16. Rb6 Rd8 17. Nxd4 cxd4 18. Bxb7 Rb8 19. Bxc8 Rbxc8 20. c5 e5 21.
Rxa6 Nf6 22. b4 Ra8 23. Rxa8 Rxa8 24. Nb6 Rxa2 25. e3 Ne4 26. exd4 Nxf2 27. Rf1
Nh3+ 28. Kh1 exd4 29. c6 Kd6 30. Rc1 Nf2+ 31. Kg1 Nh3+ 32. Kf1 Rxh2 33. Rc5 d3
34. c7 Rf2+ 35. Ke1 Re2+ 36. Kf1 Rf2+ 37. Ke1 Re2+ 1/2-1/2

[Event "51st Groningen Open A 2013"]
[Site "Groningen NED"]
[Date "2013.12.22"]
[Round "2.30"]
[White "Van Osch, Mees"]
[Black "L'Ami, Alina"]
[Result "1-0"]
[BlackTitle "WGM"]
[WhiteElo "2139"]
[BlackElo "2390"]
[WhiteFideId "1035967"]
[BlackFideId "1210246"]
[EventDate "2013.12.21"]

1. e4 c5 2. Nf3 d6 3. d4 cxd4 4. Nxd4 Nf6 5. Nc3 a6 6. Be3 e5 7. Nf3 Be7 8. Bc4
O-O 9. O-O Be6 10. Bxe6 fxe6 11. Na4 Nfd7 12. Qd3 b5 13. Qb3 Rf6 14. Nc3 Nc6 15.
a4 Na5 16. Qa2 b4 17. Ne2 Rc8 18. Rac1 Nc5 19. Rfd1 Qe8 20. Bxc5 Rxc5 21. b3 Qg6
22. Ng3 h5 23. c3 Rxc3 24. Rxc3 bxc3 25. b4 Nc6 26. Qc4 c2 27. Qxc2 Nxb4 28.
Qc8+ Rf8 29. Qb7 h4 30. Qxe7 hxg3 31. hxg3 Nc6 32. Qd7 Nd4 33. Nxd4 exd4 34.
Qxd6 Qxe4 35. Qxd4 Qc2 36. f3 Rf5 37. Qd8+ Kh7 38. Rd4 Qc1+ 39. Kh2 Rh5+ 40. Rh4
Rxh4+ 41. Qxh4+ Kg8 42. Qf4 Qc6 43. Qe4 Qb6 44. Qe5 a5 45. Qb5 Qd8 46. Qc6 Kf7
47. Qc5 Qh8+ 48. Kg1 Qd8 49. Qh5+ Kg8 50. Kh2 Qb6 51. Qe8+ Kh7 52. Kh3 Qb4 53.
g4 Qe1 54. g5 Qe5 55. Qh5+ Kg8 56. Qg4 Kf7 57. Qh5+ Kf8 58. Qh4 Kf7 59. Qg4 Ke7
60. Qg3 Qf5+ 61. Kh2 Qh7+ 62. Qh3 Qc2 63. Qh4 Qc3 64. Qf4 Kd7 65. Kh3 Kc6 66.
Qe4+ Kd6 67. Kg4 Qb2 68. g3 Ke7 69. Kh5 Qh2+ 70. Kg6 Qxg3 71. Qb7+ Ke8 72. Qf7+
Kd8 73. Qxg7 e5 74. Qf6+ Ke8 75. Kg7 e4 76. Qf7+ Kd8 77. Qd5+ Kc8 78. Qf5+ Kb7
79. Qxe4+ Kb6 80. f4 Kc5 81. Qe7+ Kc4 82. f5 Kb3 83. g6 Kxa4 84. f6 Qc3 85. Kf8 1-0

[Event "51st Groningen Open A 2013"]
[Site "Groningen NED"]
[Date "2013.12.22"]
[Round "2.31"]
[White "Van Foreest, Jorden"]
[Black "Dehn, Marcus"]
[Result "1-0"]
[WhiteElo "2326"]
[BlackElo "2135"]
[WhiteFideId "1039784"]
[BlackFideId "4667093"]
[EventDate "2013.12.21"]

1. e4 d6 2. d4 Nf6 3. Nc3 g6 4. Be3 Bg7 5. Qd2 h6 6. h3 c6 7. Bd3 Na6 8. Nf3 Nc7
9. a4 Nd7 10. O-O e5 11. Rad1 Qe7 12. Bc4 Bf8 13. Nh2 g5 14. Rfe1 Ne6 15. dxe5
dxe5 16. Nf1 Qb4 17. Ba2 Qxb2 18. Rb1 Qa3 19. Red1 Bb4 20. Rb3 Bxc3 21. Qxc3
Qxa4 22. Ng3 Nf4 23. Ra3 Ne2+ 24. Nxe2 Qxe4 25. Ng3 Qh7 26. Bc5 h5 27. Rxd7 Bxd7
28. Qxe5+ Kd8 29. Rxa7 1-0

[Event "51st Groningen Open A 2013"]
[Site "Groningen NED"]
[Date "2013.12.22"]
[Round "2.33"]
[White "Struik, Tjapko"]
[Black "Van Foreest, Lucas"]
[Result "1-0"]
[WhiteElo "2262"]
[BlackElo "2120"]
[WhiteFideId "1011243"]
[BlackFideId "1039792"]
[EventDate "2013.12.21"]

1. d4 Nf6 2. c4 g6 3. Nc3 Bg7 4. e4 d6 5. Nge2 O-O 6. Ng3 e5 7. d5 a5 8. Be2 Ne8
9. h4 f5 10. Bg5 Qd7 11. exf5 gxf5 12. h5 Na6 13. h6 Bh8 14. Qd2 Nc5 15. Nh5 f4
16. g3 f3 17. Bd1 Qf7 18. Bc2 Bf5 19. O-O-O Qg6 20. Be3 Bxc2 21. Qxc2 Nd7 22. g4
Ndf6 23. Nxf6+ Nxf6 24. g5 Qxc2+ 25. Kxc2 Ng4 26. Ne4 Nxe3+ 27. fxe3 Kf7 28.
Rdf1 Kg6 29. Rh3 f2 30. Rh2 Rf3 31. Kd3 Raf8 32. Ke2 R8f7 33. Rhxf2 Rxf2+ 34.
Rxf2 Rxf2+ 35. Kxf2 Kf5 36. Kf3 a4 37. b3 axb3 38. axb3 1-0

[Event "51st Groningen Open A 2013"]
[Site "Groningen NED"]
[Date "2013.12.22"]
[Round "2.34"]
[White "Markus, John Raymond"]
[Black "Umudova, Nargiz"]
[Result "1/2-1/2"]
[BlackTitle "WIM"]
[WhiteElo "2118"]
[BlackElo "2255"]
[WhiteFideId "1001213"]
[BlackFideId "13402137"]
[EventDate "2013.12.21"]

1. d4 Nf6 2. c4 e6 3. Nc3 Bb4 4. a3 Bxc3+ 5. bxc3 d6 6. Nf3 b6 7. g3 Bb7 8. Bg2
Nbd7 9. O-O O-O 10. a4 a5 11. Nd2 Bxg2 12. Kxg2 e5 13. e4 Qc8 14. Ba3 Qb7 15. f3
g6 16. Re1 Nh5 17. Rb1 Qc6 18. Qb3 Rad8 19. Nf1 f5 20. c5+ Rf7 21. d5 Qa8 22.
cxd6 cxd6 23. Bxd6 fxe4 24. fxe4 Qc8 25. Ne3 Ndf6 26. Qxb6 Nxe4 27. Qxd8+ Qxd8
28. Rb8 Qxb8 29. Bxb8 Rf2+ 30. Kg1 Rb2 31. Nc4 Rxb8 32. Rxe4 Rb1+ 33. Kf2 Nf6
34. Re2 Nxd5 35. Rxe5 Nxc3 36. Rxa5 Rb4 37. Ne5 1/2-1/2

[Event "51st Groningen Open A 2013"]
[Site "Groningen NED"]
[Date "2013.12.22"]
[Round "2.35"]
[White "Khelaia, Giorgi"]
[Black "Lyell, Mark"]
[Result "1/2-1/2"]
[BlackTitle "FM"]
[WhiteElo "2110"]
[BlackElo "2247"]
[WhiteFideId "13604600"]
[BlackFideId "402354"]
[EventDate "2013.12.21"]

1. c4 e5 2. Nc3 Bb4 3. Nd5 a5 4. g3 Nf6 5. Nxb4 axb4 6. Bg2 c5 7. d3 Nc6 8. Nf3
O-O 9. O-O d6 10. Bg5 h6 11. Bxf6 Qxf6 12. Nd2 Bg4 13. Re1 Qe7 14. a3 bxa3 15.
Rxa3 Rxa3 16. bxa3 Ra8 17. Bxc6 bxc6 18. Qb3 Qa7 19. f3 Bf5 20. Ra1 Rb8 21. Qc3
Qa4 22. Kf2 Kf8 23. g4 Bd7 24. Rb1 Rxb1 25. Nxb1 Qd1 26. Nd2 h5 27. Qa5 Ke7 28.
gxh5 f5 29. Nf1 f4 30. Qe1 Qxe1+ 31. Kxe1 Be8 32. h6 gxh6 33. a4 Kd7 34. Nd2 Kc7
35. a5 Bg6 36. Nb3 Kb7 37. Kd2 Ka6 38. Ke1 Bf7 39. Kd2 Be8 40. Kc3 Bd7 41. Kd2
Bh3 42. Ke1 Be6 43. Kf2 Bf7 44. Kg2 Be6 45. Kf2 Bf5 46. Ke1 Bc8 47. e3 fxe3 48.
Ke2 Bf5 49. Kxe3 Bg6 50. h4 Bf5 51. Ke2 Bg6 52. Ke3 Bh7 53. Ke2 Bg8 54. Ke3 Bf7
55. Ke2 Bg6 56. Ke3 Bf5 57. Ke2 Bh3 58. Ke3 Bf5 59. Ke2 Bc8 60. Ke3 Bf5 1/2-1/2

[Event "51st Groningen Open A 2013"]
[Site "Groningen NED"]
[Date "2013.12.22"]
[Round "2.37"]
[White "Vos, Tjark"]
[Black "Calzetta Ruiz, Monica"]
[Result "1-0"]
[BlackTitle "WGM"]
[WhiteElo "2085"]
[BlackElo "2234"]
[WhiteFideId "1020870"]
[BlackFideId "2204185"]
[EventDate "2013.12.21"]

1. e4 c5 2. Nf3 d6 3. d4 cxd4 4. Nxd4 Nf6 5. Nc3 g6 6. Be3 Bg7 7. f3 Nc6 8. Qd2
O-O 9. g4 Bxg4 10. fxg4 Nxg4 11. Bg1 Qa5 12. h3 Nge5 13. Be2 Rfc8 14. h4 Rab8
15. h5 b5 16. hxg6 hxg6 17. Nb3 Qd8 18. Nd4 b4 19. Nd5 e6 20. Nf4 a5 21. Be3
Nxd4 22. Bxd4 Nc4 23. Bxc4 Rxc4 24. Bxg7 Rxe4+ 25. Ne2 Kxg7 26. O-O-O Kg8 27.
Qh6 Qf6 28. Qh7+ Kf8 29. Qh8+ Qxh8 30. Rxh8+ Kg7 31. Rxb8 Rxe2 32. Rxd6 g5 33.
Rb5 f5 34. Rxa5 g4 35. Rd2 Re4 36. a4 g3 37. Rg2 f4 38. Rb5 e5 39. a5 Kf6 40. a6
Re1+ 41. Kd2 Ra1 42. Rxb4 Rxa6 43. Ke2 Kf5 44. Kf3 Ra1 45. Re2 Rb1 46. Kg2 Rd1
47. Rbe4 Kg4 48. b4 Rb1 49. Rc4 Ra1 50. Rxe5 1-0

[Event "51st Groningen Open A 2013"]
[Site "Groningen NED"]
[Date "2013.12.22"]
[Round "2.39"]
[White "Henseler, Jorgen"]
[Black "Christiansen, Johan-Sebastian"]
[Result "0-1"]
[WhiteElo "2073"]
[BlackElo "2217"]
[WhiteFideId "1023233"]
[BlackFideId "1512668"]
[EventDate "2013.12.21"]

1. e4 e6 2. d4 d5 3. Nc3 Bb4 4. e5 c5 5. a3 Bxc3+ 6. bxc3 Qa5 7. Bd2 Qa4 8. Qg4
Kf8 9. Qd1 b6 10. Nf3 Ba6 11. h4 Bxf1 12. Kxf1 Ne7 13. h5 h6 14. Rh4 Nbc6 15.
Kg1 Qa6 16. Rf4 Kg8 17. Nh4 Rc8 18. Qf3 Nd8 19. Rg4 Kh7 20. Rxg7+ Kxg7 21. Qf6+
Kg8 22. Qxe7 Qe2 23. Ng6 fxg6 24. Qe8+ Kg7 25. Qxg6+ Kf8 26. Bxh6+ Rxh6 27.
Qxh6+ Ke7 28. Qf6+ Kd7 29. Qg7+ Kc6 30. dxc5 Qxh5 31. Qxa7 Qxe5 32. Rb1 Rc7 33.
cxb6 Rb7 34. Qa4+ Kd6 35. Qb4+ Kd7 36. c4 Nc6 37. Qb5 d4 38. c5 Qe4 39. Qd3 Qxd3
40. cxd3 Ne5 41. Rb4 Kc6 42. Rxd4 Kxc5 43. Re4 Kd5 44. Rb4 Nxd3 45. Rb1 Nc5 46.
f3 Kc4 47. Kf2 Nb3 48. g4 Rxb6 49. Ke3 Ra6 50. Kf4 Nd4 51. Rb4+ Kd5 52. a4 e5+
53. Kg3 Rf6 54. g5 Rxf3+ 55. Kg4 Rf1 56. a5 Ke4 57. a6 Rg1+ 58. Kh5 Kf5 59. Kh6
Ne6 60. Kh7 Nxg5+ 0-1

[Event "51st Groningen Open A 2013"]
[Site "Groningen NED"]
[Date "2013.12.22"]
[Round "2.40"]
[White "Schippers, Maurice"]
[Black "Sandvik, Thomas"]
[Result "1-0"]
[WhiteElo "2216"]
[BlackElo "2083"]
[WhiteFideId "1004735"]
[BlackFideId "503231"]
[EventDate "2013.12.21"]

1. e4 e6 2. d4 d5 3. Nd2 Nf6 4. e5 Nfd7 5. Bd3 c5 6. c3 Nc6 7. Ne2 cxd4 8. cxd4
f6 9. exf6 Nxf6 10. Nf3 Bd6 11. O-O O-O 12. Bg5 Bd7 13. Rc1 Qe8 14. Ng3 Nh5 15.
Bd2 Bf4 16. Qc2 Rf6 17. Bxh7+ Kh8 18. Bd3 Bxd2 19. Qxd2 Rxf3 20. gxf3 Nxd4 21.
Qe3 e5 22. Kh1 Nf4 23. Rfe1 Bh3 24. Bf1 Bxf1 25. Rxf1 Qe7 26. Rg1 Rf8 27. Rc3
Nh3 28. Rgc1 Rxf3 29. Qd2 Rxf2 30. Rc8+ Rf8 31. Qe3 Nc6 32. Rxf8+ Qxf8 33. Rf1
Qb4 34. Ne2 Qe4+ 35. Qxe4 dxe4 36. Rf5 Kg8 37. Kg2 g6 38. Rf6 Kg7 39. Rxc6 bxc6
40. Kxh3 Kf6 41. Kg4 1-0

[Event "51st Groningen Open A 2013"]
[Site "Groningen NED"]
[Date "2013.12.22"]
[Round "2.41"]
[White "Stavast, Dick"]
[Black "Dijkhuis, Tycho"]
[Result "1-0"]
[WhiteElo "2066"]
[BlackElo "2202"]
[WhiteFideId "1014005"]
[BlackFideId "1036564"]
[EventDate "2013.12.21"]

1. g3 e5 2. Bg2 Nc6 3. c4 Nf6 4. Nc3 Bc5 5. e3 d5 6. cxd5 Nb4 7. d3 Nfxd5 8.
Nxd5 Nxd5 9. Nf3 Qe7 10. O-O O-O 11. a3 Rd8 12. b4 Bb6 13. Bb2 e4 14. Nd4 Nf6
15. dxe4 Nxe4 16. Qc2 Nd6 17. Rfd1 Bg4 18. Rd2 Bh5 19. a4 a5 20. b5 Kh8 21. h3
Bg6 22. Qc3 f6 23. Ba3 Qf7 24. Bxd6 cxd6 25. Ne2 Bc5 26. Qb2 Rac8 27. Nf4 Bb4
28. Bd5 Qe8 29. Bxb7 Bc3 30. Nxg6+ Qxg6 31. Qc2 Bxd2 32. Qxd2 Rc2 33. Qxa5 Re8
34. Qe1 f5 35. Bc6 Re5 36. Rc1 f4 37. Rxc2 Qxc2 38. gxf4 Rh5 39. a5 d5 40. a6
Qg6+ 41. Kh2 Qg4 42. Qf1 Qf3 43. Bd7 d4 44. Qg2 1-0

[Event "51st Groningen Open A 2013"]
[Site "Groningen NED"]
[Date "2013.12.22"]
[Round "2.43"]
[White "Mager, Denis"]
[Black "Brookes, Christopher"]
[Result "1-0"]
[WhiteElo "2060"]
[BlackElo "2182"]
[WhiteFideId "24691127"]
[BlackFideId "4669355"]
[EventDate "2013.12.21"]

1. Nf3 Nf6 2. c4 g6 3. Nc3 Bg7 4. e4 d6 5. d4 O-O 6. Be2 e5 7. Qc2 Nc6 8. d5 Nb4
9. Qb1 a5 10. a3 Na6 11. b4 c5 12. dxc6 bxc6 13. O-O Bb7 14. Rd1 Qe7 15. Be3
Rfb8 16. Bb6 axb4 17. axb4 d5 18. cxd5 cxd5 19. Bxa6 Bxa6 20. Bc5 Qe8 21. Nxd5
Nxd5 22. Rxd5 Bb7 23. Rxa8 Rxa8 24. Rd1 Qc6 25. Nd2 h5 26. f3 h4 27. Nc4 h3 28.
Nb6 Ra6 29. Qd3 Kh7 30. Nd5 Ra2 31. gxh3 Qe6 32. Qb3 Ra8 33. Kg2 Bc8 34. b5
Qxh3+ 35. Kg1 f5 36. Ne7 Bb7 37. Qf7 Qh5 38. Nxf5 Qg5+ 39. Ng3 Bc8 40. Kh1 Bh3
41. b6 Ra5 42. Bf8 Qf6 43. Qxg7+ Qxg7 44. Bxg7 Kxg7 45. Rb1 1-0

[Event "51st Groningen Open A 2013"]
[Site "Groningen NED"]
[Date "2013.12.22"]
[Round "2.44"]
[White "Schoehuijs, Erik"]
[Black "Majhi, Ankit"]
[Result "1-0"]
[WhiteElo "2180"]
[BlackElo "2058"]
[WhiteFideId "1004425"]
[BlackFideId "1033735"]
[EventDate "2013.12.21"]

1. d4 Nf6 2. c4 g6 3. Nc3 Bg7 4. e4 d6 5. Nf3 O-O 6. h3 Na6 7. Be3 e5 8. d5 Nc5
9. Nd2 a5 10. g4 c6 11. Be2 cxd5 12. cxd5 Bd7 13. g5 Ne8 14. h4 f5 15. h5 f4 16.
Bxc5 dxc5 17. h6 Bh8 18. Bg4 Ra6 19. Na4 Bxg4 20. Qxg4 Qe7 21. Rc1 c4 22. Rxc4
Nd6 23. Rc1 f3 24. Nc5 Rf4 25. Qe6+ Qxe6 26. Nxe6 Rg4 27. Kf1 Ra8 28. Rh3 Nxe4
29. Nxe4 Rxe4 30. Rxf3 Rb4 31. Rfc3 1-0

[Event "51st Groningen Open A 2013"]
[Site "Groningen NED"]
[Date "2013.12.22"]
[Round "2.45"]
[White "Senders, Mischa"]
[Black "Lopez, Jasel"]
[Result "0-1"]
[BlackTitle "CM"]
[WhiteElo "2058"]
[BlackElo "2179"]
[WhiteFideId "1038370"]
[BlackFideId "15900045"]
[EventDate "2013.12.21"]

1. e4 e6 2. d4 d5 3. Nd2 Nf6 4. e5 Nfd7 5. c3 c5 6. Bd3 b6 7. f4 Ba6 8. Ndf3
Bxd3 9. Qxd3 Qc8 10. Ne2 Qa6 11. Qxa6 Nxa6 12. O-O f5 13. exf6 Nxf6 14. Ng3 Bd6
15. Re1 Nc7 16. Ng5 O-O 17. Nxe6 Rfe8 18. f5 Nxe6 19. fxe6 Bxg3 20. hxg3 cxd4
21. cxd4 Rac8 22. Bg5 Rc6 23. Bxf6 gxf6 24. Rac1 Rexe6 25. Rxe6 Rxc1+ 26. Kf2
Kf7 27. Re2 Kg6 28. Kf3 Rf1+ 29. Ke3 Kf5 30. Rc2 Re1+ 31. Kf3 Rd1 32. Ke3 h5 33.
Rc7 Rg1 34. Kf3 Rb1 35. Rxa7 Rxb2 36. Rb7 Rxa2 37. Rxb6 Rd2 38. Rb8 Rd3+ 39. Kf2
Rxd4 40. Rh8 Kg6 41. Rg8+ Kh7 42. Rd8 Rd3 43. Rd6 Kg6 44. Ke2 Rxg3 45. Rxd5
Rxg2+ 46. Kf3 Ra2 47. Rd8 Kg5 48. Rg8+ Kf5 49. Rh8 Ra3+ 50. Kg2 Kg4 51. Rg8+ Kf4
52. Rb8 Rg3+ 53. Kf2 Rg4 54. Rb4+ Kg5 55. Rb5+ f5 56. Rb8 Ra4 57. Kg3 h4+ 58.
Kh3 Ra3+ 59. Kg2 Rg3+ 60. Kh2 f4 61. Rf8 Kg4 62. Rf7 Re3 63. Rf8 Kf3 64. Rf7 Re1
65. Rf8 Ke3 66. Kg2 h3+ 67. Kxh3 f3 68. Re8+ Kf2 69. Rf8 Re7 70. Ra8 Kf1 71. Kg3
f2 72. Ra1+ Re1 73. Ra2 Re3+ 74. Kf4 Rb3 0-1